000 00362nam a2200145Ia 4500
008 220216s9999 xx 000 0 und d
100 _aChambeyron C
_cet al
245 0 _aStudy of the allergenic fractions of latex
260 _bAllergy
_c1992
300 _a92-97
500 _aSource Year: 1992
650 _aHevea brasiliensis
856 _uBA
942 _cJS
999 _c69797
_d69797